Central Library OPAC University of Rajshahi

মোটর সাইকেল ডায়েরি : (Record no. 39531)

MARC details
000 -LEADER
fixed length control field 01032nam a2200241 a 4500
001 - CONTROL NUMBER
control field 39531
003 - CONTROL NUMBER IDENTIFIER
rucl marc code BD-RjUL
005 - DATE AND TIME OF LATEST TRANSACTION
control field 20211209053017.0
008 - FIXED-LENGTH DATA ELEMENTS--GENERAL INFORMATION
fixed length control field 160412m20111999bg ||||e |||| 00| 0 ben d
020 ## - INTERNATIONAL STANDARD BOOK NUMBER
International Standard Book Number 9847020900504
Terms of availability : tk. 150.00
035 ## - SYSTEM CONTROL NUMBER
System control number (BD-RjUL)39644
040 ## - CATALOGING SOURCE
Original cataloging agency BD-RjUL
Language of cataloging ben
Transcribing agency BD-RjUL
041 ## - LANGUAGE CODE
Language code of text/sound track or separate title ben
082 ## - DEWEY DECIMAL CLASSIFICATION NUMBER
Edition number 23
Classification number 823
Author mark and year GUM 2011
100 ## - MAIN ENTRY--PERSONAL NAME
Personal name গুয়েভারা,আর্নেস্তো চে
9 (RLIN) 121768
245 10 - TITLE STATEMENT
Title মোটর সাইকেল ডায়েরি :
Remainder of title দক্ষিন আমেরিকা ভ্রমণ /
Statement of responsibility, etc. আর্নেস্তো চে গুয়েভারা,অনুবাদ : আবীর হাসান
260 ## - PUBLICATION, DISTRIBUTION, ETC. (IMPRINT)
Place of publication, distribution, etc. ঢাকা :
Name of publisher, distributor, etc. সন্দেশ,
Date of publication, distribution, etc. ১৯৯৯,[৪র্থ মুদ্রণ ২০১১].
300 ## - PHYSICAL DESCRIPTION
Pagination ১২০ পৃ. ;
Size ২০ সেমি.
650 ## - SUBJECT ADDED ENTRY--TOPICAL TERM
Topical term or geographic name as entry element ইংরেজি উপন্যাস
9 (RLIN) 121316
Topical term or geographic name as entry element English Fiction
9 (RLIN) 120371
700 ## - ADDED ENTRY--PERSONAL NAME
Personal name হাসান,আবীর
942 ## - ADDED ENTRY ELEMENTS (KOHA)
Source of classification or shelving scheme Dewey Decimal Classification
Koha item type Books
Holdings
Lost status Source of classification or shelving scheme Damaged status Not for loan Collection code Permanent Location Current Location Shelving location Date acquired Source of acquisition Cost, normal purchase price Total Checkouts Full call number Date last seen Copy number Koha item type Date checked out
  Dewey Decimal Classification   Not For Loan Fiction Central Library, University of Rajshahi Central Library, University of Rajshahi Reading Room 24/06/2013 Sandesh, Dhaka 150.00   B 823 GUM 2011 12/04/2016 C-1 Books  
  Dewey Decimal Classification     Fiction Central Library, University of Rajshahi Central Library, University of Rajshahi   24/06/2013 Sandesh, Dhaka 150.00 9 B 823 GUM 2011 17/11/2025 C-2 Books 06/11/2025
  Dewey Decimal Classification     Fiction Central Library, University of Rajshahi Central Library, University of Rajshahi   24/06/2013 Sandesh, Dhaka 150.00 5 B 823 GUM 2011 04/01/2026 C-3 Books 18/12/2025